Language,knowledge and ontology (Record no. 789685)

MARC details
000 -LEADER
fixed length control field 00769nam a2200241Ia 4500
003 - CONTROL NUMBER IDENTIFIER
control field OSt
005 - DATE AND TIME OF LATEST TRANSACTION
control field 20220928131122.0
008 - FIXED-LENGTH DATA ELEMENTS--GENERAL INFORMATION
fixed length control field 220927b |||||||| |||| 00| 0 eng d
037 ## - SOURCE OF ACQUISITION
Terms of availability Textual
040 ## - CATALOGING SOURCE
Original cataloging agency SDCL
Transcribing agency SDCL
Language of cataloging eng
041 ## - LANGUAGE CODE
Source of code eng
Language code of text/sound track or separate title eng
100 ## - MAIN ENTRY--PERSONAL NAME
Personal name Banerjee K K
9 (RLIN) 477220
245 #0 - TITLE STATEMENT
Title Language,knowledge and ontology
Remainder of title A collection of essays .Ed by Kalyan Sengupta and Krishana Roy .
260 ## - PUBLICATION, DISTRIBUTION, ETC.
Place of publication, distribution, etc. New Delhi
Name of publisher, distributor, etc. I C P R
Date of publication, distribution, etc. 1988
300 ## - PHYSICAL DESCRIPTION
Extent xxiv ,374p
Dimensions cm.
490 ## - SERIES STATEMENT
Series statement India Council of Philosophical Research ,(New Delhi) series in contemporary Indian Philosophy .
942 ## - ADDED ENTRY ELEMENTS (KOHA)
Classification part R6xN19, M8
Koha item type Textual
Source of classification or shelving scheme Colon Classification (CC)
Holdings
Withdrawn status Lost status Damaged status Not for loan Home library Current library Date acquired Total Checkouts Full call number Barcode Date last seen Price effective from Koha item type
        South Campus Library South Campus Library 2022-09-28   R6xN19 M8 SC0960728 2022-09-28 2022-09-28 Textual
Copyright @ Delhi University Library System